J.Cole Songs - Statistics

General Stats
  • This quiz has been taken 215 times
  • The average score is 30 of 102
Answer Stats
Album Artist(s) Song % Correct
2014 Forest Hills Drive J.Cole No Role Modelz
76%
2014 Forest Hills Drive J.Cole Wet Dreamz
72%
The Off Season J.Cole, 21 Savage, Morray My Life
63%
2014 Forest Hills Drive J.Cole G.O.M.D
58%
The Off Season J.Cole, Lil Baby Pride Is The Devil
58%
Born Sinner J.Cole, Amber Coffman, Cults She Knows
57%
4 Your Eyez Only J.Cole 4 Your Eyez Only
56%
KOD J.Cole Kevins Heart
55%
KOD J.Cole KOD
55%
2014 Forest Hills Drive J.Cole Love Yourz
55%
Cole World: The Sideline Story J.Cole Work Out
55%
The Off Season J.Cole Amari
53%
Feature 21 Savage, J.Cole A Lot
50%
2014 Forest Hills Drive J.Cole Apparently
50%
2014 Forest Hills Drive J.Cole January 28th
50%
2014 Forest Hills Drive | Cole World: The Sideline Story | KOD J.Cole Intro
49%
4 Your Eyez Only J.Cole Change
47%
Born Sinner J.Cole, Miguel Power Trip
47%
Born Sinner J.Cole, Kendrick Lamar Forbidden Fruit
46%
4 Your Eyez Only J.Cole Neighbors
45%
2014 Forest Hills Drive J.Cole 03 Adolescence
42%
2014 Forest Hills Drive J.Cole A Tale Of 2 Citiez
42%
KOD J.Cole ATM
42%
Born Sinner J.Cole, TLC Crooked Smile
42%
2014 Forest Hills Drive J.Cole Fire Squad
42%
Feature Dreamville, DaBaby, J.Cole, Lute Under The Sun
42%
The Off Season J.Cole 95 South
41%
Feature Young Thug, J.Cole, Travis Scott The London
40%
Cole World: The Sideline Story | The Off Season J.Cole Interlude
39%
2014 Forest Hills Drive J.Cole St Tropez
39%
4 Your Eyez Only J.Cole Shes Mine Pt 1
38%
4 Your Eyez Only J.Cole Shes Mine Pt 2
38%
Born Sinner J.Cole, James Fauntleroy Born Sinner
36%
4 Your Eyez Only J.Cole Deja Vu
34%
The Off Season J.Cole, Bas, 6LACK Let Go My Hand
34%
2014 Forest Hills Drive J.Cole Note To Self
34%
The Off Season J.Cole, Bas Hunger On Hillside
33%
Cole World: The Sideline Story J.Cole Lights Please
33%
Lewis Street | The Off Season J.Cole The Climb Back
33%
Cole World: The Sideline Story J.Cole Sideline Story
32%
KOD J.Cole 1985
31%
4 Your Eyez Only J.Cole Immortal
31%
Born Sinner J.Cole Villuminati
31%
2014 Forest Hills Drive J.Cole Hello
30%
The Off Season J.Cole, Bas 100 Mil
29%
Cole World: The Sideline Story J.Cole, Trey Songz Cant Get Enough
29%
4 Your Eyez Only J.Cole Foldin Clothes
29%
The Off Season J.Cole Punchin The Clock
29%
Cole World: The Sideline Story J.Cole, Missy Elliott Nobodys Perfect
28%
Cole World: The Sideline Story J.Cole, Drake In The Morning
27%
4 Your Eyez Only J.Cole For Whom The Bell Tolls
26%
Born Sinner J.Cole LAnd Of The Snakes
26%
Born Sinner J.Cole Let Nas Down
26%
Cole World: The Sideline Story J.Cole, Jay-Z Mr Nice Watch
25%
Cole World: The Sideline Story J.Cole Cole World
23%
KOD J.Cole, kiLL edward Friends
23%
The Off Season J.Cole Close
22%
Born Sinner J.Cole Trouble
21%
4 Your Eyez Only J.Cole Ville Mentality
21%
The Off Season J.Cole Applying Pressure
20%
KOD J.Cole Brackets
20%
KOD J.Cole Motiv8
20%
Born Sinner Deluxe J.Cole, Jhene Aiko Sparks Will Fly
20%
KOD J.Cole Window Pain
20%
Lewis Street J.Cole Lion King On Ice
19%
Cole World: The Sideline Story J.Cole Lost Ones
19%
Born Sinner J.Cole Rich Niggaz
19%
Born Sinner Deluxe J.Cole, 50 Cent, Bas New York Times
18%
KOD J.Cole Photograph
18%
Born Sinner J.Cole Chaining Day
17%
Born Sinner J.Cole Runaway
17%
KOD J.Cole, kiLL edward The Cut Off
16%
KOD J.Cole Once An Addict
14%
Cole World: The Sideline Story J.Cole Gods Gift
13%
Born Sinner Deluxe J.Cole Is She Gon Pop
13%
Born Sinner Deluxe J.Cole Miss America
12%
Born Sinner J.Cole Mo Money
12%
Born Sinner Deluxe J.Cole Niggaz Know
12%
Born Sinner J.Cole Aint That Some Shit
9%
Cole World: The Sideline Story J.Cole Dollar And A Dream 3
9%
Truly Yours 2 J.Cole, Jeezy Kenny Lofton
9%
Cole World: The Sideline Story J.Cole Rise And Shine
9%
Born Sinner J.Cole Wheres Jermaine
9%
Cole World: The Sideline Story J.Cole Breakdown
8%
Cole World: The Sideline Story J.Cole Never Told
8%
Born Sinner J.Cole Kerney Sermon
7%
Truly Yours 2 J.Cole, 2 Chainz Chris Tucker
6%
Truly Yours J.Cole Stay
6%
Truly Yours 2 J.Cole 3 Wishes
5%
Truly Yours J.Cole Can I Holla At Ya
5%
Truly Yours J.Cole Crunch Time
5%
Truly Yours 2 J.Cole Cole Summer
4%
Truly Yours 2 J.Cole, Bas Cousins
4%
Truly Yours 2 J.Cole Head Bussa
4%
Truly Yours J.Cole Rise Above
4%
Truly Yours J.Cole Tears For ODB
4%
Cole World: The Sideline Story J.Cole Who Dat
4%
Cole World: The Sideline Story J.Cole Daddys Little Girl
3%
No matching quizzes found
Score Distribution
Percent of People with Each Score
Percentile by Number Answered
Your Score History
You have not taken this quiz